Η εξισορρόπηση των εσωτερικών συγκρούσεων κατά την άσκηση περιβαλλοντικής πολιτικής μέσα στα πλαίσια δράσης του Συνηγόρου του Πολίτη : μεταπτυχιακή διατριβή

Αποθηκεύτηκε σε:
Λεπτομέρειες βιβλιογραφικής εγγραφής
Κύριος συγγραφέας: Σαμοθρακή, Άννα
Συγγραφή απο Οργανισμό/Αρχή: Πανεπιστήμιο Αιγαίου Σχολή Περιβάλλοντος Τμήμα Περιβάλλοντος Πρόγραμμα Μεταπτυχιακών Σπουδών Περιβαλλοντική Πολιτική και Διαχείριση
Άλλοι συγγραφείς: Σοφούλης, Κώστας Μαν., 1937-2020 (Εισηγητής διατριβής)
Μορφή: Thesis Βιβλίο
Γλώσσα:Greek
Δημοσίευση: Μυτιλήνη : Πανεπιστήμιο Αιγαίου, Τμήμα Περιβάλλοντος, Μεταπτυχιακό Πρόγραμμα Σπουδών στην Περιβαλλοντική Πολιτική και Διαχείριση, 2001
Θέματα:
Διαθέσιμο Online:http://hdl.handle.net/11610/15219
Ετικέτες: Προσθήκη ετικέτας
Δεν υπάρχουν, Καταχωρήστε ετικέτα πρώτοι!

MARC

LEADER 00000cam a2200000 i 4500
001 1/26547
008 020821s2001 gre d
035 |l 10068273 
040 |a GR-MY-UA  |b gre  |e aacr 
041 0 |a gre 
082 0 |a 333.72  |2 (22) 
100 1 |a Σαμοθρακή, Άννα. 
245 1 2 |a Η εξισορρόπηση των εσωτερικών συγκρούσεων κατά την άσκηση περιβαλλοντικής πολιτικής μέσα στα πλαίσια δράσης του Συνηγόρου του Πολίτη :  |b μεταπτυχιακή διατριβή /  |c Σαμοθρακή Άννα ; επιβλέπων καθηγητής Κ. Σοφούλης 
260 |a Μυτιλήνη :   |b Πανεπιστήμιο Αιγαίου, Τμήμα Περιβάλλοντος, Μεταπτυχιακό Πρόγραμμα Σπουδών στην Περιβαλλοντική Πολιτική και Διαχείριση,   |c 2001 
300 |a 92 σ.;  |b πιν.;  |c 30 εκ. 
502 |a Διατριβή (μεταπτυχιακή) – Πανεπιστήμιο Αιγαίου, Λέσβος, 2001. 
504 |a Περιέχει βιβλιογραφία 
650 0 0 |a Environmental policy  |z Greece. 
650 0 0 |a Environmental protection  |x Citizen participation. 
700 1 |a Σοφούλης, Κώστας Μαν.,   |d 1937-2020.  |4 ths 
710 2 |a Πανεπιστήμιο Αιγαίου  |b Σχολή Περιβάλλοντος  |b Τμήμα Περιβάλλοντος  |b Πρόγραμμα Μεταπτυχιακών Σπουδών Περιβαλλοντική Πολιτική και Διαχείριση. 
852 |a INST  |b LESVOS  |c DIATR  |e 20020821  |h 83  |p 005100025260  |q 005100025260  |t MTXE  |y 23 
852 |a INST  |b LESVOS  |c DIATR  |e 20020821  |h 84  |p 005100025259  |q 005100025259  |t MTXE  |y 23 
856 |u http://hdl.handle.net/11610/15219 
901 |a BIBL1-2002-2 
909 |a Λ  |b 100889 
909 |a Λ  |b 100890 
924 |a ΣΑΜΟΘΡΑΚΗ  |b ΑΝΝΑ  |y ΛΕΣΒΟΣ  |z 2002-02 
970 |a ΚΑΜΑΤΣΟΥ  |b ΔΕΣΠΟΙΝΑ  |z 2002/08/21